[Event "COL-ch Amateur U2000"]
[Site "Bogota"]
[Date "2017.03.05"]
[Round "6"]
[White "Garcia S, Juan Manuel"]
[Black "Rodriguez, Yesid"]
[Result "1-0"]
[WhiteElo "1969"]
[BlackElo "1795"]
[PlyCount "87"]
[EventDate "2017.03.02"]
[EventType "swiss"]
[EventRounds "7"]
[EventCountry "COL"]
[SourceTitle "CBM 177 Extra"]
[Source "ChessBase"]
[SourceDate "2017.04.27"]
[SourceVersion "1"]
[SourceVersionDate "2017.04.27"]
[SourceQuality "1"]

1. Nf3 c5 2. d3 Nc6 3. g3 g6 4. Bg2 Bg7 5. e4 e6 6. Nbd2 b5 7. 0-0 Nge7 8. a4 Ba6 9. axb5 Bxb5 10. c4 Nb4 11. cxb5 Nxd3 12. Nc4 Nxc1 13. Nd6+ Kf8 14. Qxc1 Qc7 15. Qf4 f6 16. Rfd1 h6 17. h4 Kg8 18. Nf5 Qxf4 19. Nxe7+ Kf7 20. gxf4 Kxe7 21. e5 Rhd8 22. exf6+ Bxf6 23. Ne5 Rab8 24. Rxa7 Bxe5 25. fxe5 Rxb5 26. Rd2 Rb4 27. Rc7 Rd4 28. Rxd4 cxd4 29. Kf1 Rb8 30. Rb7 Rc8 31. Rb4 d3 32. Ke1 Rc2 33. Be4 Re2+ 34. Kf1 d5 35. exd6+ Kxd6 36. Bxd3 Rd2 37. Bxg6 Ke5 38. Ke1 Rd5 39. Ke2 Kf6 40. h5 Ke5 41. Ke3 Kf6 42. f4 Rd1 43. Rb7 e5 44. Rb6+ 1-0

[Event "COL-ch Amateur U2000"]
[Site "Bogota"]
[Date "2017.03.05"]
[Round "7"]
[White "Rodriguez, Yesid"]
[Black "Calderon Zuta, Nicolas"]
[Result "0-1"]
[WhiteElo "1795"]
[BlackElo "1898"]
[PlyCount "58"]
[EventDate "2017.03.02"]
[EventType "swiss"]
[EventRounds "7"]
[EventCountry "COL"]
[SourceTitle "CBM 177 Extra"]
[Source "ChessBase"]
[SourceDate "2017.04.27"]
[SourceVersion "1"]
[SourceVersionDate "2017.04.27"]
[SourceQuality "1"]

1. d4 Nf6 2. c4 g6 3. Nc3 d5 4. cxd5 Nxd5 5. e4 Nxc3 6. bxc3 Bg7 7. Qa4+ Nd7 8. Nf3 0-0 9. Be2 c5 10. Be3 Nf6 11. Qc2 Ng4 12. Bf4 cxd4 13. cxd4 Bxd4 14. 0-0 Bxa1 15. Rxa1 Be6 16. e5 f6 17. Rd1 Qb6 18. Nd4 fxe5 19. Nxe6 Qxf2+ 20. Kh1 Rxf4 21. Nxf4 Qxf4 22. Qc4+ Qxc4 23. Bxc4+ Kg7 24. Rd7 Kf6 25. h3 Rc8 26. hxg4 Rxc4 27. Rxb7 Ra4 28. g5+ Ke6 29. Rb2 e4 0-1

[Event "Bogota Torneo Distrital op"]
[Site "Bogota"]
[Date "2010.05.15"]
[Round "2.15"]
[White "Rodriguez, Yesid"]
[Black "Rodriguez M, Julian Enrique"]
[Result "0-1"]
[WhiteElo "1600"]
[BlackElo "2065"]
[PlyCount "69"]
[EventDate "2010.05.14"]
[EventType "swiss"]
[EventRounds "7"]
[EventCountry "COL"]
[SourceTitle "EXT 2024"]
[Source "ChessBase"]
[SourceDate "2023.10.10"]
[SourceVersion "1"]
[SourceVersionDate "2023.10.10"]
[SourceQuality "1"]

1. d4 Nf6 2. c4 c5 3. d5 b5 4. cxb5 a6 5. bxa6 Bxa6 6. Nc3 d6 7. g3 g6 8. Bg2 Bg7 9. Nf3 Nbd7 10. 0-0 0-0 11. Qc2 Qc7 12. Re1 Rfb8 13. b3 e6 14. dxe6 fxe6 15. Ng5 Nf8 16. Bxa8 Rxa8 17. Bb2 d5 18. Na4 c4 19. Rac1 Bb7 20. Nf3 N8d7 21. bxc4 Qc6 22. Nc3 d4 23. Nb5 e5 24. Red1 Nc5 25. Qb1 d3 26. Rc3 dxe2 27. Rd6 Qe4 28. Qe1 Na4 29. Re3 Qxc4 30. Na3 Qg4 31. Bxe5 Bxf3 32. Bxf6 Bxf6 33. Rxf6 Rd8 34. Rxe2 Bxe2 35. Qa5 0-1